Las actuales tendencias en el derecho del trabajo y de la seguridad social en América Latina /

Guardat en:
Dades bibliogràfiques
Autor principal: Napoli, Rodolfo
Format: Text
Matèries:
Etiquetes: Afegir etiqueta
Sense etiquetes, Sigues el primer a etiquetar aquest registre!

MARC

LEADER 00000 a a2200000 04500
001 9486
003
040
100 |a Napoli, Rodolfo  
245 |a Las actuales tendencias en el derecho del trabajo y de la seguridad social en América Latina /  |c Rodolfo Napoli 
650 |a DERECHO DEL TRABAJO  
773 |g número 45; páginas 1-5  
999 |c 22711  |d 22711